| 000 | 00561nam a22001697a 4500 | ||
|---|---|---|---|
| 008 | 161116b xxu||||| |||| 00| 0 eng d | ||
| 022 | _a01153544 | ||
| 082 | _aDPer 338.05 En86 Apr-Jul 2015 v. 15, n. 158-161 | ||
| 100 |
_917488 _aReyes, Bernadette |
||
| 245 |
_aUpskill battle: _bhave a winning training strategy/ _cBernadette Reyes. |
||
| 260 |
_aPhilippines: _bSummit Media, _cApr-Jul 2015. |
||
| 300 |
_av15 n158, page 37: _billustrations, _c28 cm. |
||
| 500 | _aEntrepreneur. | ||
| 650 | 0 |
_918983 _aEmployees _xTraining |
|
| 942 |
_2ddc _cPER |
||
| 999 |
_c5705 _d5705 |
||